[Event "Khanty-Mansiysk Governor Cup 18th"]
[Site "Khanty-Mansiysk"]
[Date "2022.11.20"]
[Round "4"]
[White "Kezin, Roman"]
[Black "Vasilyev, Evgeny"]
[Result "1-0"]
[WhiteElo "2514"]
[BlackElo "2095"]
[PlyCount "69"]
[EventDate "2022.11.17"]
[EventType "swiss"]
[EventRounds "9"]
[EventCountry "RUS"]
[SourceTitle "CBM 211 Extra"]
[Source "ChessBase"]
[SourceDate "2023.01.31"]
[SourceVersion "1"]
[SourceVersionDate "2023.01.31"]
[SourceQuality "1"]

1. c4 e6 2. d4 d5 3. Nc3 Be7 4. cxd5 exd5 5. Bf4 c6 6. e3 Bf5 7. g4 Be6 8. h4 Nd7 9. h5 Nh6 10. Be2 Nb6 11. Nh3 g5 12. hxg6 hxg6 13. f3 g5 14. Bg3 f5 15. Be5 Rg8 16. Nf2 Nf7 17. Qc2 Qd7 18. 0-0-0 Nxe5 19. dxe5 Bc5 20. e4 Bxf2 21. gxf5 0-0-0 22. fxe6 Qxe6 23. exd5 Qxe5 24. dxc6 Be3+ 25. Kb1 bxc6 26. Ne4 Rxd1+ 27. Rxd1 Kc7 28. Nd6 Rg7 29. Bb5 Bc5 30. Ne4 cxb5 31. Nxc5 Nc4 32. Nd3 Qf6 33. b3 Kb8 34. bxc4 bxc4 35. Nc5 1-0

[Event "Khanty-Mansiysk Governor Cup 18th"]
[Site "Khanty-Mansiysk"]
[Date "2022.11.17"]
[Round "1"]
[White "Vasilyev, Evgeny"]
[Black "Bocharov, Ivan"]
[Result "1/2-1/2"]
[WhiteElo "2095"]
[BlackElo "2571"]
[PlyCount "100"]
[EventDate "2022.11.17"]
[EventType "swiss"]
[EventRounds "9"]
[EventCountry "RUS"]
[SourceTitle "CBM 211 Extra"]
[Source "ChessBase"]
[SourceDate "2023.01.31"]
[SourceVersion "1"]
[SourceVersionDate "2023.01.31"]
[SourceQuality "1"]

1. c4 e5 2. Nc3 Bb4 3. Nd5 Be7 4. d4 exd4 5. Qxd4 Nf6 6. Nxe7 Qxe7 7. Bg5 Nc6 8. Qc3 d6 9. Bxf6 Qxf6 10. Qxf6 gxf6 11. e3 Be6 12. Rc1 d5 13. cxd5 Bxd5 14. a3 0-0-0 15. Ne2 Ne5 16. Nf4 Bc6 17. Be2 Ng6 18. Nxg6 fxg6 19. Bf3 Bxf3 20. gxf3 Rd5 21. Ke2 Rhd8 22. Rc2 a5 23. h4 a4 24. h5 g5 25. Rg1 b5 26. Rg4 c5 27. Re4 Kd7 28. Rd2 Rxd2+ 29. Kxd2 Re8 30. Rg4 Ke6 31. f4 Rd8+ 32. Kc2 gxf4 33. Rxf4 Rd5 34. Rh4 Rg5 35. b3 axb3+ 36. Kxb3 f5 37. a4 bxa4+ 38. Rxa4 Kd5 39. Rh4 Rg4 40. Rh3 h6 41. Kc3 Rc4+ 42. Kd3 Ra4 43. Rg3 c4+ 44. Kc3 Ra3+ 45. Kb2 Rd3 46. Kc2 Ke4 47. Rg6 Ra3 48. Kb2 Rb3+ 49. Kc2 Ra3 50. Kb2 Rb3+ 1/2-1/2